000 01150nam0a22002651 4500
001 rc\4721308
005 20250612012041.0
021 _aRU
_bРг3321-65
035 _a(NLR Aleph) 008441933
090 _a9483923
_c9483923
100 _a20130416d1964 |||y0rusy50 ca
101 0 _arus
102 _aRU
105 _aa z |||||
200 1 _aРазработки для экспериментального исследования методики изучения темы "Конструирования платья"
_eВ IX кл. сред. школы по специальности швейного производства
_fНауч.-исслед. ин-т педагогики УССР. Отд. методики трудового и производ. обучения пром. профиля
210 _aКиев
_cБ. и.
_d1964
215 _a[1], 28 с.
_cил.
_d28
300 _aОтпеч. множит. аппаратом
300 _aНа обл. авт. не указан
700 1 _aНовикова
_bС.В.
801 0 _aRU
_bNLR
_gpsbo
801 1 _aRU
_bELAR
_2rusmarc
852 _aNLR
_j65-8/625
942 _cBOOK
980 _aNB